Čaro zloženého úrokovania

Prieskum finančnej gramotnosti slovenskej populácie. Cieľ prieskumu - zistiť, čo všetko Slováci vedia o finančných produktoch a finančných trhoch, či rozumejú základným pojmom z oblasti sporenia a investovania. Najväčšie nedostatky - v porozumení princípom zloženého úrokovania. Sila zloženého úroko...

Full description

Saved in:
Bibliographic Details
Main Author: Baláž, Vladimír
Format: Book Chapter
Language:Slovak
Subjects:
Tags: Add Tag
No Tags, Be the first to tag this record!

MARC

LEADER 00000naa a2200000 4500
001 0165040
005 20231018110602.4
041 0 |a slo 
044 |a SK 
245 1 0 |a Čaro zloženého úrokovania  |c Vladimír Baláž 
520 |a Prieskum finančnej gramotnosti slovenskej populácie. Cieľ prieskumu - zistiť, čo všetko Slováci vedia o finančných produktoch a finančných trhoch, či rozumejú základným pojmom z oblasti sporenia a investovania. Najväčšie nedostatky - v porozumení princípom zloženého úrokovania. Sila zloženého úrokovania. Sporenie a investovanie na dôchodok. Praktické príklady. 
610 2 0 |a financie 
610 2 0 |a sporenie obyvateľstva 
610 2 0 |a sporenie dôchodkové 
610 2 0 |a úrok 
610 2 0 |a investície 
610 2 0 |a prieskum 
100 1 |a Baláž, Vladimír